| 000 | 00379 a2200169 4500 | ||
|---|---|---|---|
| 001 | 186361 | ||
| 020 | _a85-16-05049-1 | ||
| 040 | _cMagnum | ||
| 100 | _aMc Donald, Megan | ||
| 240 | 1 | 0 |
_aDoutora judy moody _lpor |
| 245 | 1 | 0 | _aDoutora judy moody |
| 300 | _a182 | ||
| 362 | 0 | _a2006 | |
| 440 | 1 | _aSalamandra | |
| 697 | _aLITERATURA INFANTO-JUVENIL ESTRANGEIRA | ||
| 942 | _cBK | ||
| 999 |
_c186361 _d186361 |
||